• 首页
  • 本馆介绍
  • 公告通知
  • 最新文献
  • 馆藏检索
  • 电子资源
  • 读者导购
  • 参考咨询
  • 我的图书馆
  • 登录
  • 详细信息显示
  • 放入我的书架
  • 预约/预借图书
  • 作者相关作品
  • 分类相关作品
  • 丛书相关作品
  • 出版社相关作品

书目信息

  • 表格格式
  • 工作单格式
  • 卡片格式
题名:
微传播与网络善治
    
 
作者: 王君超 , 易艳刚 主编
分册:  
出版信息: 北京   光明日报出版社  2020
页数: 266页
开本: 24cm
丛书名: 博士生导师学术文库
单 册:
中图分类: D63-39
科图分类:
主题词: 电子政务--dian zi zheng wu--研究--中国
电子资源:
ISBN: 978-7-5194-5610-8
000 01005oam2 2200277 450
001 2159550182
005 20211011172912.0
010    @a978-7-5194-5610-8@b精装@dCNY98.00
100    @a20200513d2020 em y0chiy0120 ea
101 0  @achi
102    @aCN@b110000
105    @ay z 000yy
106    @ar
200 1  @a微传播与网络善治@Awei chuan bo yu wang lao shan zhi@f王君超, 易艳刚主编
210    @a北京@c光明日报出版社@d2020
215    @a266页@d24cm
225 2  @a博士生导师学术文库@Abo shi sheng dao shi xue shu wen ku
300    @a光明版
330    @a本书分为微传播研究、微治理探微、微政务创新三部分,收录了《传播科技异化与新闻事件的异化机制》《微博突发性事件舆论传播演变及引导策略——以“重庆公交坠江”事件为例》等文章。
461  0 @12001 @a博士生导师学术文库
606 0  @a电子政务@Adian zi zheng wu@x研究@y中国
690    @aD63-39@v5
701  0 @a王君超@Awang jun chao@4主编
701  0 @a易艳刚@Ayi yan gang@4主编
801  0 @aCN@b百万庄@c20211009
905    @b1308660-63@dD63-39@e436@f4
    
    微传播与网络善治/王君超, 易艳刚主编.-北京:光明日报出版社,2020
    266页;24cm.-(博士生导师学术文库)
    光明版
    
    ISBN 978-7-5194-5610-8(精装):CNY98.00
    本书分为微传播研究、微治理探微、微政务创新三部分,收录了《传播科技异化与新闻事件的异化机制》《微博突发性事件舆论传播演变及引导策略——以“重庆公交坠江”事件为例》等文章。
●
相关链接 在E读中查询图书 在五车中查询图书 在当当中查询图书 在豆瓣中查询图书


正题名:微传播与网络善治     索取号:D63-39/436         预约/预借

序号 登录号 条形码 馆藏地/架位号 状态 备注
1 1308660   213086603   第一样本阅览室/ [索取号:D63-39/436] 在馆    
2 1308661   213086612   第一借阅区/ [索取号:D63-39/436] 在馆    
3 1308662   213086621   第一借阅区/ [索取号:D63-39/436] 在馆    
4 1308663   213086630   第一借阅区/ [索取号:D63-39/436] 在馆    
唐山师范学院图书馆 欢迎您!
大连网信软件有限公司© 版权所有